000 01157nam a2200241Ia 4500
001 15930
003 GE_BSU
008 181216s||||||||xx |||||||||||||| ||und||
040 _cGE_BSU
080 _a821.353.1 + 821.353.1-32
100 _aწერეთელი, ა. (აკაკი, 1840-1915)
245 _aრჩეული ნაწარმოებები : 5 ტომად.ტ.3
245 _bმხატვრული პროზა
245 _cშემდგ.-რედ.: გურამ გვერდწითელი, ემზარ კვიტაიშვილი. სარედ. კოლ.გრ.აბაშიძე. რ. ინანიშვილი.. გ.ფანჯიკიძე. რედ. დ. კემულარია. მხ. დ. დუნდუა
260 _aთბილისი
260 _bსაბჭ. საქართველო
260 _c1989
300 _a416 გვ.20 სმ.
300 _eშენიშვნ.გვ.413-414
653 _aმხატვრული პროზა
653 _aრჩეული ნაწარმოებები
942 _cBK
999 _c49025
_d49025